000 01079nam a2200313 i 4500
003 EG-GICUC
005 20260429135531.0
008 260429s2020 ua ||||fr|||| 000 0 ara d
017 _a2020/8604
020 _a978-977-90-7197-8
040 _a EG-GICUC
_bara
_c EG-GICUC
_d EG-GICUC
_erda
041 0 _aara
082 0 4 _221
_a345.31211
_bم ح . أ
092 0 4 _221
099 _aLaw1 07 345.31211 م ح . أ 2020
100 0 _aمحمود حمدى عطية.
_eمؤلف.
245 1 0 _aأهمية الرقابة القضائية في مجال الحقوق البيئية /
_cمحمود حمدى عطية.
300 _a220 صفحة ؛
_c24 سم.
336 _2rda content
_atext
337 _2rda media
_aComputer
338 _2rda carrier
_aOnline Resource
504 _aيشتمل على إرجاعات ببليوجرافية.
546 _aالنص باللغة العربية
650 1 _aتشريعات البيئة
_2qrmak
651 1 _2qrmak
856 4 0 _uhttps://fll.law.cu.edu.eg/fulltext/bks/B07-04328.pdf
905 _a62
942 _2ddc
_n0
_cBK
_e21
999 _c74228
_d74228